Koncentrácia v odvetví a jej indikátory bakalárska práca

Salvato in:
Dettagli Bibliografici
Autore principale: Hill, Erik
Ente Autore: Fakulta hospodárskej informatiky EU. Katedra operačného výskumu a ekonometrie
Altri autori: Oršulová, Anna
Natura: Libro
Lingua:slovacco
Pubblicazione: Bratislava 2010
Tags: Aggiungi Tag
Nessun Tag, puoi essere il primo ad aggiungerne!!

MARC

LEADER 00000nbm a2200000 4500
001 0136150
005 20160428114439.5
041 0 |a slo 
044 |a SK 
245 1 0 |a Koncentrácia v odvetví a jej indikátory  |b bakalárska práca  |c Erik Hill ; školiteľ: Anna Oršulová 
264 1 |a Bratislava  |c 2010 
300 |a 34 s. 
100 1 |a Hill, Erik 
700 1 |a Oršulová, Anna 
710 2 |a Fakulta hospodárskej informatiky EU. Katedra operačného výskumu a ekonometrie